[Event "BL 0910 SG Turm Trier - Schachfr. Berli"]
[Site "?"]
[Date "2010.02.27"]
[Round "10.8"]
[White "Cioara, Andrei Nestor"]
[Black "Abel, Dennes"]
[Result "1-0"]
[WhiteElo "2415"]
[BlackElo "2380"]
[PlyCount "183"]
[EventDate "2010.??.??"]

1. d4 Nf6 2. c4 c5 3. d5 b5 4. cxb5 a6 5. b6 d6 6. Nc3 Qxb6 7. Nf3 g6 8. a4 Bg7
9. a5 Qb7 10. h3 O-O 11. e4 e6 12. Be2 exd5 13. exd5 Bf5 14. O-O Re8 15. Nd2
Ne4 16. Ndxe4 Bxe4 17. Qa4 Qe7 18. Bg5 Bc2 19. Bxe7 Bxa4 20. Bxd6 Bb3 21. Bf3
Nd7 22. Ra3 Bc4 23. Rd1 Be5 24. Bxe5 Nxe5 25. Na4 Rab8 26. Nb6 Bb5 27. Rc3 c4
28. Rd2 Red8 29. Be2 Kg7 30. Rd4 Nd7 31. Nxd7 Rxd7 32. b3 cxb3 33. Rxb3 Kf6 34.
d6 Ke5 35. Rd2 f5 36. Bc4 f4 37. Rd5+ Kf6 38. Bxb5 axb5 39. Rbxb5 Rc8 40. a6
Ke6 41. Ra5 Ra7 42. d7 Rd8 43. Kf1 Rxa6 44. Re5+ Kd6 45. Rad5+ Kc6 46. Rd1 Kc7
47. Re7 h6 48. Ke2 g5 49. Rd2 Rd6 50. Rxd6 Kxd6 51. Rh7 Ke5 52. h4 gxh4 53. Kf3
h3 54. gxh3 Kf5 55. Rxh6 Rxd7 56. Rh5+ Kg6 57. Rh4 Ra7 58. Rxf4 Ra5 59. Re4
Rf5+ 60. Kg3 Ra5 61. h4 Ra1 62. Kf4 Ra5 63. Re6+ Kf7 64. Rb6 Rc5 65. Kg4 Rc1
66. f4 Ra1 67. Kg5 Rg1+ 68. Kf5 Rh1 69. Rb7+ Kg8 70. Kg6 Rg1+ 71. Kf6 Ra1 72.
Rb8+ Kh7 73. f5 Ra6+ 74. Kg5 Ra1 75. h5 Rg1+ 76. Kf6 Rh1 77. Re8 Ra1 78. Kf7
Ra5 79. f6 Ra6 80. Re6 Ra7+ 81. Re7 Ra8 82. Re8 Ra6 83. Re6 Ra8 84. Ke7 Ra7+
85. Kf8 Ra8+ 86. Re8 Ra6 87. f7 Ra7 88. Rd8 Ra1 89. Ke7 Re1+ 90. Kd7 Rd1+ 91.
Kc7 Rc1+ 92. Kb6 1-0

[Event "BL 0910 SC Eppingen - SK König Tegel"]
[Site "?"]
[Date "2010.02.27"]
[Round "10.1"]
[White "Rabiega, Robert"]
[Black "Berkes, Ferenc"]
[Result "0-1"]
[WhiteElo "2531"]
[BlackElo "2663"]
[PlyCount "68"]
[EventDate "2010.??.??"]

1. e4 c6 2. Ne2 d5 3. e5 Bg4 4. f3 Bd7 5. d4 e6 6. Be3 Ne7 7. c3 c5 8. dxc5
Nbc6 9. Nd4 Nxe5 10. Nd2 N5c6 11. f4 g6 12. N2f3 Bg7 13. Be2 O-O 14. O-O a6 15.
b4 f6 16. Qd2 e5 17. fxe5 fxe5 18. Nb3 Qe8 19. Bh6 Bxh6 20. Qxh6 Nf5 21. Qd2 e4
22. Nfd4 e3 23. Qd1 Rd8 24. Nxc6 Bxc6 25. Nd4 Qe5 26. Bg4 Bb5 27. Nxb5 axb5 28.
Bxf5 e2 29. Be6+ Kg7 30. Qd4 Qxd4+ 31. cxd4 exf1=Q+ 32. Rxf1 Rxf1+ 33. Kxf1 h5
34. g3 g5 0-1

[Event "BL 0910 SC Eppingen - SK König Tegel"]
[Site "?"]
[Date "2010.02.27"]
[Round "10.2"]
[White "Gyimesi, Zoltan"]
[Black "Stern, Rene"]
[Result "1-0"]
[WhiteElo "2594"]
[BlackElo "2501"]
[PlyCount "87"]
[EventDate "2010.??.??"]

1. d4 Nf6 2. c4 e6 3. Nf3 d5 4. Nc3 Nbd7 5. cxd5 exd5 6. Bf4 Nb6 7. e3 Bg4 8.
h3 Bxf3 9. Qxf3 Bd6 10. Bg5 Be7 11. O-O-O c6 12. Bd3 Nc8 13. g4 Nd6 14. Bf4 O-O
15. h4 Re8 16. Bxd6 Qxd6 17. g5 Nd7 18. Rdg1 Nf8 19. h5 g6 20. hxg6 fxg6 21.
Rh6 Qe6 22. Kb1 Rad8 23. Qg2 Qf7 24. Rgh1 Rd7 25. f4 Bd8 26. Nd1 Rde7 27. Qh3
Re6 28. Rf1 Qg7 29. Rf3 b6 30. Bc2 a5 31. Rg3 Bc7 32. a3 c5 33. Bb3 c4 34. Ba4
R8e7 35. Nc3 Bxf4 36. exf4 Re1+ 37. Ka2 Qxd4 38. Qg2 Qxf4 39. Qxd5+ Rf7 40.
Rhh3 Re5 41. Qd6 Rc5 42. Qxb6 Rxg5 43. Rxg5 Qxg5 44. Bc6 1-0

[Event "BL 0910 SC Eppingen - SK König Tegel"]
[Site "?"]
[Date "2010.02.27"]
[Round "10.3"]
[White "Muse, Mladen"]
[Black "Braun, Arik"]
[Result "1/2-1/2"]
[WhiteElo "2448"]
[BlackElo "2519"]
[PlyCount "56"]
[EventDate "2010.??.??"]

1. Nf3 Nf6 2. g3 d5 3. Bg2 c6 4. O-O Bf5 5. d3 e6 6. c4 Be7 7. cxd5 exd5 8. Nc3
O-O 9. Nd4 Bg6 10. e4 Nbd7 11. exd5 Nb6 12. dxc6 Qxd4 13. cxb7 Rad8 14. Bf4
Nbd5 15. Nxd5 Nxd5 16. b8=Q Rxb8 17. Bxb8 Rxb8 18. Rc1 Nb4 19. Qa4 Bxd3 20.
Rfd1 Bc5 21. Rd2 Qe5 22. Qd1 Bb5 23. a3 Nd3 24. Rxd3 Bxd3 25. Qxd3 Rxb2 26.
Qd8+ Bf8 27. Bf1 Rb8 28. Qc7 Qxc7 1/2-1/2

[Event "BL 0910 SC Eppingen - SK König Tegel"]
[Site "?"]
[Date "2010.02.27"]
[Round "10.4"]
[White "Bindrich, Falko"]
[Black "Von Herman, Ulf"]
[Result "1-0"]
[WhiteElo "2516"]
[BlackElo "2424"]
[PlyCount "37"]
[EventDate "2010.??.??"]

1. e4 e6 2. d4 d5 3. Nc3 Nf6 4. Bg5 dxe4 5. Nxe4 Be7 6. Bxf6 gxf6 7. Nf3 f5 8.
Nc3 a6 9. Bc4 b5 10. Bb3 c5 11. a4 b4 12. Ne2 Nc6 13. O-O Nxd4 14. Nexd4 cxd4
15. Nxd4 Bf6 16. Qf3 Bd7 17. Rad1 O-O 18. Nxe6 fxe6 19. Qb7 1-0

[Event "BL 0910 SC Eppingen - SK König Tegel"]
[Site "?"]
[Date "2010.02.27"]
[Round "10.5"]
[White "Fruebing, Stefan"]
[Black "Medvegy, Zoltan"]
[Result "1/2-1/2"]
[WhiteElo "2337"]
[BlackElo "2556"]
[PlyCount "54"]
[EventDate "2010.??.??"]

1. e4 c6 2. d4 d5 3. Nc3 dxe4 4. Nxe4 Bf5 5. Ng3 Bg6 6. N1e2 Nf6 7. Nf4 Nd5 8.
Nxg6 hxg6 9. Ne4 e6 10. g3 Nf6 11. Bg2 Nxe4 12. Bxe4 Nd7 13. h4 Nf6 14. Bf3 Be7
15. c3 Qb6 16. Qb3 O-O-O 17. Bd2 Rhe8 18. O-O-O Nd5 19. Rhe1 Kb8 20. Qxb6 axb6
21. a4 Kc7 22. Kc2 Ra8 23. Kb3 Nf6 24. Ra1 Ra6 25. c4 Rd8 26. Bc3 Bf8 27. Kc2
Raa8 1/2-1/2

[Event "BL 0910 SC Eppingen - SK König Tegel"]
[Site "?"]
[Date "2010.02.27"]
[Round "10.6"]
[White "Muzychuk, Anna"]
[Black "Sarbok, Torsten"]
[Result "1/2-1/2"]
[WhiteElo "2533"]
[BlackElo "2319"]
[PlyCount "116"]
[EventDate "2010.??.??"]

1. e4 c6 2. d4 d5 3. Nc3 dxe4 4. Nxe4 Bf5 5. Ng3 Bg6 6. h4 h6 7. Nf3 e6 8. h5
Bh7 9. Bd3 Bxd3 10. Qxd3 Nf6 11. Bd2 Nbd7 12. O-O-O Qc7 13. c4 Bd6 14. Ne4 Bf4
15. Kb1 Nxe4 16. Qxe4 Bxd2 17. Rxd2 Nf6 18. Qe2 O-O 19. Ne5 Rad8 20. Rhd1 c5
21. g4 cxd4 22. Rxd4 Rxd4 23. Rxd4 Rd8 24. Qd2 Rxd4 25. Qxd4 b6 26. a3 Kf8 27.
Ka2 Ke7 28. f3 Ne8 29. b4 Nd6 30. Kb3 Qb7 31. b5 f6 32. Nc6+ Kd7 33. Qd3 a6 34.
a4 axb5 35. cxb5 Qc8 36. Qe3 Qc7 37. Qd3 Qc8 38. Qd4 Qc7 39. Kb4 Ke8 40. a5
bxa5+ 41. Nxa5 Nc8 42. Nc4 Ne7 43. Qd6 Nd5+ 44. Kb3 Qxd6 45. Nxd6+ Ke7 46. Nc4
f5 47. Kc2 fxg4 48. fxg4 Kf6 49. Kd3 g6 50. hxg6 Kxg6 51. Kd4 Kg5 52. Ne3 Nb6
53. Nc4 Nd5 54. Ne3 Nb6 55. Ke5 Na4 56. Kxe6 Nc3 57. b6 Na4 58. b7 Nc5+ 1/2-1/2

[Event "BL 0910 SC Eppingen - SK König Tegel"]
[Site "?"]
[Date "2010.02.27"]
[Round "10.7"]
[White "Breier, Andreas"]
[Black "Paehtz, Elisabeth"]
[Result "0-1"]
[WhiteElo "2405"]
[BlackElo "2482"]
[PlyCount "90"]
[EventDate "2010.??.??"]

1. d4 d5 2. c4 c6 3. Nc3 Nf6 4. Nf3 dxc4 5. a4 Bf5 6. e3 e6 7. Bxc4 Bb4 8. O-O
O-O 9. Qe2 Nbd7 10. e4 Bg6 11. e5 Nd5 12. Nxd5 cxd5 13. Bd3 a6 14. Ng5 Re8 15.
Bxg6 fxg6 16. Qf3 Qe7 17. Qh3 h6 18. Nf3 Rac8 19. Ne1 Rc4 20. Qd3 Qf7 21. b3
Rc3 22. Qd1 Rcc8 23. Nc2 Bc3 24. Ra2 Nb8 25. Ba3 Qf5 26. g4 Qf4 27. Bc1 Qf7 28.
f4 Nc6 29. Ba3 Na5 30. Ne3 Qc7 31. Bc5 b6 32. Bd6 Qa7 33. Kg2 Nb7 34. Ba3 b5
35. Nc2 bxa4 36. bxa4 Qb6 37. Qb1 Qc6 38. Nb4 Qc4 39. Rc2 Qxd4 40. Rfc1 Qxf4
41. Rxc3 Rxc3 42. Rxc3 Qd2+ 43. Kh1 Qxc3 44. Qxg6 Qf3+ 45. Kg1 Rf8 0-1

[Event "BL 0910 SC Eppingen - SK König Tegel"]
[Site "?"]
[Date "2010.02.27"]
[Round "10.8"]
[White "Vogt, Lothar"]
[Black "Kachibadze, Georg"]
[Result "1/2-1/2"]
[WhiteElo "2422"]
[BlackElo "2239"]
[PlyCount "122"]
[EventDate "2010.??.??"]

1. e4 c5 2. Nf3 Nc6 3. Bb5 d6 4. d4 cxd4 5. Qxd4 Bd7 6. Bxc6 Bxc6 7. Nc3 Nf6 8.
Bg5 e6 9. O-O-O Be7 10. Qd3 Qa5 11. h4 h6 12. Bd2 Ng4 13. Be1 Qc5 14. Nd4 Ne5
15. Qe2 Rc8 16. Rh3 Bf6 17. Nb3 Qc4 18. f3 Qxe2 19. Nxe2 d5 20. f4 Nd7 21. e5
Be7 22. h5 b6 23. Ned4 Ba4 24. Bh4 Bf8 25. Re1 Nc5 26. Nd2 Bd7 27. g4 g6 28.
hxg6 fxg6 29. Bf6 Rg8 30. Rc3 Kf7 31. a3 a5 32. Ree3 Be7 33. Bxe7 Kxe7 34. Rh3
Rh8 35. b4 axb4 36. axb4 Na6 37. Rxc8 Bxc8 38. c3 Bd7 39. N2f3 Nc7 40. Kd2 Kf7
41. Ke3 Kg7 42. Rh2 Ra8 43. f5 gxf5 44. gxf5 exf5 45. Nh4 Ra1 46. Nhxf5+ Bxf5
47. Nxf5+ Kg6 48. Ne7+ Kf7 49. Nc6 Kg6 50. Rg2+ Kf7 51. Rf2+ Kg7 52. Nd4 Re1+
53. Kf4 Kg6 54. Rg2+ Kf7 55. Kf5 Rf1+ 56. Kg4 Ne6 57. Rh2 Rf4+ 58. Kg3 Re4 59.
Rxh6 Nxd4 60. cxd4 Rxd4 61. Rxb6 Re4 1/2-1/2

[Event "BL 0910 Bayern München - SF Katernberg"]
[Site "?"]
[Date "2010.02.28"]
[Round "11.1"]
[White "Chuchelov, Vladimir"]
[Black "Schenk, Andreas"]
[Result "1/2-1/2"]
[WhiteElo "2598"]
[BlackElo "2509"]
[PlyCount "55"]
[EventDate "2010.??.??"]

1. Nf3 d5 2. c4 d4 3. b4 f6 4. e3 e5 5. c5 a5 6. Bc4 axb4 7. Bb2 Bxc5 8. Nxd4
Ne7 9. Ne6 Bxe6 10. Bxe6 Qd3 11. Qc1 Qd6 12. Qc4 Nbc6 13. O-O Nd8 14. Bg4 Qd5
15. Qc2 O-O 16. Bf3 Qd6 17. d4 exd4 18. Nd2 Ba7 19. Nc4 Qd7 20. Rfd1 c5 21.
exd4 cxd4 22. Qb3 Kh8 23. Qxb4 Ndc6 24. Qb5 Rfd8 25. a4 Nd5 26. Ra3 Rac8 27.
Rb3 Rc7 28. g3 1/2-1/2

[Event "BL 0910 Bayern München - SF Katernberg"]
[Site "?"]
[Date "2010.02.28"]
[Round "11.2"]
[White "Marcelin, Cyril"]
[Black "Firman, Nazar"]
[Result "0-1"]
[WhiteElo "2499"]
[BlackElo "2571"]
[PlyCount "72"]
[EventDate "2010.??.??"]

1. d4 Nf6 2. c4 e6 3. Nc3 Bb4 4. Qc2 O-O 5. a3 Bxc3+ 6. Qxc3 b6 7. Bg5 Bb7 8.
e3 d6 9. Ne2 Nbd7 10. Qc2 c5 11. Rd1 Qc7 12. Nc3 a6 13. Bh4 Rfe8 14. dxc5 bxc5
15. Bg3 e5 16. f3 Rab8 17. Be2 Nh5 18. Bd3 g6 19. Be4 Bxe4 20. fxe4 Qb6 21. Rd2
Qb3 22. Qxb3 Rxb3 23. Rxd6 Nb6 24. O-O Rxb2 25. Nd5 Nxc4 26. Rxa6 Nd2 27. Rc1
Nxe4 28. Bh4 Rd2 29. Nb6 f5 30. Be1 Rd6 31. a4 Nhf6 32. h3 Red8 33. a5 Rd1 34.
Ra8 Rxc1 35. Rxd8+ Kg7 36. Kf1 Ng3+ 0-1

[Event "BL 0910 Bayern München - SF Katernberg"]
[Site "?"]
[Date "2010.02.28"]
[Round "11.3"]
[White "Seel, Christian"]
[Black "Renner, Christoph"]
[Result "0-1"]
[WhiteElo "2493"]
[BlackElo "2440"]
[PlyCount "78"]
[EventDate "2010.??.??"]

1. Nf3 Nf6 2. c4 d6 3. d4 Nbd7 4. Nc3 e5 5. e4 Be7 6. Be2 O-O 7. O-O c6 8. h3
a6 9. Qc2 b5 10. Rd1 Qc7 11. Be3 Bb7 12. Rac1 b4 13. Nb1 exd4 14. Nxd4 Rfe8 15.
Nf5 Bf8 16. Nd2 Rad8 17. Bf4 h6 18. c5 Ne5 19. Nf3 Qa5 20. Nxe5 dxe5 21. Rxd8
Qxd8 22. Be3 Qc7 23. Nd6 Bxd6 24. cxd6 Qxd6 25. Bc5 Qb8 26. Bxb4 c5 27. Bxc5
Bxe4 28. Qb3 Qa8 29. Bf1 Bd5 30. Qa3 Re6 31. b4 Ne4 32. Be3 Rg6 33. Kh2 f5 34.
Qa5 Kh7 35. Qc7 f4 36. Ba7 Nd2 37. Bd3 Be4 38. Bxe4 Qxe4 39. f3 Qe2 0-1

[Event "BL 0910 Bayern München - SF Katernberg"]
[Site "?"]
[Date "2010.02.28"]
[Round "11.4"]
[White "Belezky, Alexander"]
[Black "Bischoff, Klaus"]
[Result "1/2-1/2"]
[WhiteElo "2463"]
[BlackElo "2561"]
[PlyCount "40"]
[EventDate "2010.??.??"]

1. e4 e6 2. d3 d5 3. Qe2 Ne7 4. Nf3 c5 5. g3 Nbc6 6. Bg2 d4 7. e5 Nd5 8. c4
dxc3 9. bxc3 Be7 10. h4 f5 11. exf6 Bxf6 12. Bb2 Qe7 13. O-O Bd7 14. Rc1 O-O
15. Nbd2 Be8 16. Bh3 e5 17. Bg4 Rd8 18. Ne4 b6 19. Re1 Bd7 20. Bxd7 Qxd7
1/2-1/2

[Event "BL 0910 Bayern München - SF Katernberg"]
[Site "?"]
[Date "2010.02.28"]
[Round "11.5"]
[White "Glek, Igor V"]
[Black "Meissner, Bernd"]
[Result "1-0"]
[WhiteElo "2537"]
[BlackElo "2410"]
[PlyCount "119"]
[EventDate "2010.??.??"]

1. e4 e5 2. Nf3 Nf6 3. Nc3 Nc6 4. g3 d5 5. exd5 Nxd5 6. Bg2 Nxc3 7. bxc3 Be7 8.
O-O O-O 9. Re1 Bf6 10. Rb1 Rb8 11. d3 Be6 12. c4 Qd7 13. Bg5 Bxg5 14. Nxg5 Bg4
15. Bxc6 bxc6 16. f3 Bh5 17. Qe2 f6 18. Ne4 Rxb1 19. Rxb1 f5 20. Nf2 e4 21.
dxe4 fxe4 22. Qxe4 Bxf3 23. Qe3 Qf5 24. Re1 h6 25. Qe6+ Qxe6 26. Rxe6 Rf5 27.
Re3 h5 28. h4 Kf8 29. Rb3 Be2 30. Nd3 Ra5 31. a3 Ra4 32. Rc3 Bxd3 33. cxd3 c5
34. Kf2 Ke7 35. Ke3 Ra6 36. Ke4 Rg6 37. Kf4 Rg4+ 38. Kf3 Kd6 39. Rb3 Rd4 40.
Ke3 Rg4 41. Kf2 Rd4 42. Rb8 Ke5 43. Re8+ Kf6 44. Rf8+ Ke6 45. Rf3 Rd6 46. Ke3
Ke5 47. Rf7 Rg6 48. Rxc7 Rxg3+ 49. Kd2 Kf4 50. Rxc5 Kg4 51. Re5 Kxh4 52. c5 Rg6
53. d4 Rc6 54. Kd3 g5 55. Kc4 g4 56. d5 Rc8 57. d6 g3 58. d7 Rg8 59. Re8 Rg4+
60. Kc3 1-0

[Event "BL 0910 Bayern München - SF Katernberg"]
[Site "?"]
[Date "2010.02.28"]
[Round "11.6"]
[White "Meister, Peter"]
[Black "Zaragatski, Ilja"]
[Result "1/2-1/2"]
[WhiteElo "2396"]
[BlackElo "2475"]
[PlyCount "56"]
[EventDate "2010.??.??"]

1. d4 Nf6 2. c4 c5 3. d5 b5 4. Nd2 bxc4 5. e4 c3 6. bxc3 g6 7. Qf3 d6 8. e5 Bg4
9. Bb5+ Nbd7 10. Qg3 dxe5 11. Ngf3 Bxf3 12. Nxf3 Qa5 13. Rb1 Qxc3+ 14. Bd2 Qc2
15. O-O Bg7 16. Rfc1 Qf5 17. Nxe5 O-O 18. Nxd7 Nxd7 19. Bxd7 Qxd7 20. Rxc5 Bd4
21. Rcb5 a6 22. Ra5 Qf5 23. Re1 Bb6 24. Ra4 Qc2 25. Qf4 e5 26. Rc4 exf4 27.
Rxc2 Rfd8 28. Bxf4 Rxd5 1/2-1/2

[Event "BL 0910 Bayern München - SF Katernberg"]
[Site "?"]
[Date "2010.02.28"]
[Round "11.7"]
[White "Siebrecht, Sebastian"]
[Black "Reich, Thomas"]
[Result "1-0"]
[WhiteElo "2456"]
[BlackElo "2368"]
[PlyCount "57"]
[EventDate "2010.??.??"]

1. d4 Nf6 2. Nf3 g6 3. c4 Bg7 4. Nc3 c5 5. d5 d6 6. h3 e6 7. e4 exd5 8. cxd5 a6
9. a4 Nbd7 10. Bd3 Nh5 11. Be3 Ne5 12. Be2 Nxf3+ 13. Bxf3 O-O 14. Bxh5 gxh5 15.
Qxh5 f5 16. Bh6 Qe8 17. Qg5 Qg6 18. Qxg6 hxg6 19. Bxg7 Kxg7 20. O-O Bd7 21. f4
Rae8 22. Rfe1 fxe4 23. Nxe4 Rxf4 24. Nxd6 Rxe1+ 25. Rxe1 Bxa4 26. Nxb7 Bb3 27.
d6 Rd4 28. Nxc5 Bf7 29. d7 1-0

[Event "BL 0910 Bayern München - SF Katernberg"]
[Site "?"]
[Date "2010.02.28"]
[Round "11.8"]
[White "Jorczik, Julian"]
[Black "Scholz, Christian"]
[Result "0-1"]
[WhiteElo "2374"]
[BlackElo "2373"]
[PlyCount "138"]
[EventDate "2010.??.??"]

1. d4 Nf6 2. c4 g6 3. Nc3 Bg7 4. e4 d6 5. Be2 O-O 6. Nf3 e5 7. O-O Na6 8. Be3
h6 9. dxe5 Ng4 10. Bd2 dxe5 11. h3 Nf6 12. Be3 Nh5 13. c5 c6 14. Bxa6 bxa6 15.
Qxd8 Rxd8 16. Rfd1 Be6 17. Rd6 Rdc8 18. Rad1 Rab8 19. b3 Kh7 20. R6d3 Rb4 21.
g4 Nf6 22. Nd2 Ne8 23. f3 Bf8 24. Kf2 Kg7 25. Ke2 Nc7 26. Ndb1 Be7 27. Na3 a5
28. Na4 Na6 29. Rc1 f5 30. exf5 gxf5 31. Bd2 e4 32. Re3 exf3+ 33. Kxf3 Bd5+ 34.
Ke2 Bg5 35. Bxb4 Nxb4 36. gxf5 Bxe3 37. Kxe3 Re8+ 38. Kd2 Nxa2 39. Rg1+ Kf6 40.
Rg6+ Kxf5 41. Rxh6 Bxb3 42. Nb2 Rg8 43. Nbc4 Rg2+ 44. Ke3 Rg3+ 45. Kd4 Nb4 46.
Nd6+ Kg5 47. Ne4+ Kxh6 48. Nxg3 Kg5 49. Ne4+ Kh4 50. Nd2 Bd5 51. Ndc4 a4 52.
Kc3 Na6 53. Ne3 Bh1 54. Nac4 Kxh3 55. Nb2 a3 56. Nbc4 a2 57. Kb2 Nb4 58. Nd1
Bd5 59. Nce3 Be6 60. Nc3 Kg3 61. Ne2+ Kf2 62. Nd4 Kxe3 63. Nxe6 Ke4 64. Nd8 Kd5
65. Nb7 Kc4 66. Ka1 Kb3 67. Na5+ Ka4 68. Nb3 Ka3 69. Nd4 a5 0-1

[Event "BL 0910 Erfurter SK - SV Mülheim Nord"]
[Site "?"]
[Date "2010.02.28"]
[Round "11.1"]
[White "Landa, Konstantin"]
[Black "Romanov, Evgeny"]
[Result "1/2-1/2"]
[WhiteElo "2655"]
[BlackElo "2588"]
[PlyCount "42"]
[EventDate "2010.??.??"]

1. d4 d5 2. c4 c6 3. e3 Bf5 4. cxd5 cxd5 5. Qb3 Qc7 6. Bd2 e6 7. Bb5+ Nc6 8.
Nf3 Bd6 9. Bxc6+ Qxc6 10. Na3 f6 11. Rc1 Qd7 12. Nb5 Bb8 13. Qa4 Ne7 14. Rc7
Bxc7 15. Nxc7+ Kd8 16. Qxd7+ Kxd7 17. Nxa8 Rxa8 18. Ke2 Rc8 19. Rc1 Rxc1 20.
Bxc1 Nc8 21. Nd2 Nd6 1/2-1/2

[Event "BL 0910 Erfurter SK - SV Mülheim Nord"]
[Site "?"]
[Date "2010.02.28"]
[Round "11.2"]
[White "Michiels, Bart"]
[Black "Fridman, Daniel"]
[Result "1/2-1/2"]
[WhiteElo "2462"]
[BlackElo "2661"]
[PlyCount "44"]
[EventDate "2010.??.??"]

1. e4 e5 2. Bc4 Nf6 3. d3 c6 4. Nf3 d5 5. Bb3 Bd6 6. Nc3 dxe4 7. Ng5 O-O 8.
Ncxe4 Nxe4 9. Nxe4 Bf5 10. Qf3 Bxe4 11. dxe4 Nd7 12. O-O Nc5 13. Rd1 Qe7 14.
Be3 a5 15. Bxc5 Bxc5 16. a4 Rad8 17. g3 g6 18. Kg2 Kg7 19. Rxd8 Rxd8 20. Rd1
Rxd1 21. Qxd1 Qd6 22. Qxd6 Bxd6 1/2-1/2

[Event "BL 0910 Erfurter SK - SV Mülheim Nord"]
[Site "?"]
[Date "2010.02.28"]
[Round "11.3"]
[White "Berelovich, Alexander"]
[Black "Casper, Thomas"]
[Result "1-0"]
[WhiteElo "2551"]
[BlackElo "2395"]
[PlyCount "69"]
[EventDate "2010.??.??"]

1. d4 Nf6 2. Nc3 d5 3. Bg5 Nbd7 4. Qd3 e6 5. e4 dxe4 6. Nxe4 Be7 7. Nxf6+ Bxf6
8. Bxf6 Qxf6 9. Nf3 O-O 10. O-O-O e5 11. Qe3 exd4 12. Rxd4 Nc5 13. Bc4 Be6 14.
Qg5 Qxg5+ 15. Nxg5 Bxc4 16. Rxc4 b6 17. b4 h6 18. bxc5 hxg5 19. Rd1 Rfe8 20.
Rd7 Re2 21. Rxc7 Rxf2 22. c6 Rxg2 23. Rd7 Re2 24. c7 Ree8 25. Rcd4 Rec8 26. h4
Kh7 27. hxg5 Kg6 28. R4d5 f6 29. Kd2 fxg5 30. Kd3 a5 31. Rd8 Kf6 32. Ke4 g4 33.
Rf5+ Ke7 34. Re5+ Kf7 35. Ree8 1-0

[Event "BL 0910 Erfurter SK - SV Mülheim Nord"]
[Site "?"]
[Date "2010.02.28"]
[Round "11.4"]
[White "Enders, Peter"]
[Black "Levin, Felix"]
[Result "1/2-1/2"]
[WhiteElo "2467"]
[BlackElo "2481"]
[PlyCount "54"]
[EventDate "2010.??.??"]

1. e4 e5 2. Nf3 Nc6 3. Bb5 a6 4. Ba4 Nf6 5. O-O Be7 6. Re1 b5 7. Bb3 d6 8. c3
O-O 9. h3 Bb7 10. d4 Re8 11. Nbd2 Bf8 12. a4 h6 13. Bc2 exd4 14. Nxd4 g6 15.
axb5 Nxd4 16. cxd4 axb5 17. Rxa8 Bxa8 18. b3 Bg7 19. Bb2 Nd7 20. Nf3 c5 21. Bd3
b4 22. Qd2 cxd4 23. Bxd4 Bxd4 24. Nxd4 Nc5 25. Bb5 Rxe4 26. Rxe4 Bxe4 27. Qxb4
h5 1/2-1/2

[Event "BL 0910 Erfurter SK - SV Mülheim Nord"]
[Site "?"]
[Date "2010.02.28"]
[Round "11.6"]
[White "Schoene, Maria"]
[Black "Saltaev, Mihail"]
[Result "0-1"]
[WhiteElo "2274"]
[BlackElo "2492"]
[PlyCount "92"]
[EventDate "2010.??.??"]

1. e4 c6 2. d4 d5 3. exd5 cxd5 4. c4 Nf6 5. Nc3 e6 6. Nf3 Bb4 7. cxd5 Nxd5 8.
Bd2 Nc6 9. Bd3 Be7 10. a3 Bf6 11. Qe2 O-O 12. Qe4 g6 13. O-O-O Bg7 14. Nxd5
Qxd5 15. Qxd5 exd5 16. Bc3 Bg4 17. Be2 Rfe8 18. Rhe1 Rad8 19. Ne5 Bxe2 20. Rxe2
Bxe5 21. dxe5 d4 22. Bb4 Nxe5 23. Red2 Nc6 24. Bc5 Re4 25. f3 Rh4 26. g3 Rh5
27. Bxd4 Nxd4 28. Rxd4 Rxd4 29. Rxd4 Rxh2 30. Rd7 h5 31. Rxb7 Rg2 32. Kd1 Rxg3
33. Ke2 Rg2+ 34. Kf1 Rc2 35. a4 a5 36. Rb5 Kg7 37. b3 Rb2 38. Rxa5 Rxb3 39. Kg2
Ra3 40. Ra7 g5 41. a5 Kg6 42. a6 h4 43. Ra8 Kf5 44. Ra7 f6 45. Ra8 Kf4 46. a7
f5 0-1

[Event "BL 0910 Erfurter SK - SV Mülheim Nord"]
[Site "?"]
[Date "2010.02.28"]
[Round "11.7"]
[White "Schebler, Gerhard"]
[Black "Troyke, Christian"]
[Result "1-0"]
[WhiteElo "2486"]
[BlackElo "2350"]
[PlyCount "79"]
[EventDate "2010.??.??"]

1. Nf3 g6 2. e4 c5 3. c3 Bg7 4. d4 cxd4 5. cxd4 d5 6. e5 Bg4 7. Bb5+ Nc6 8. O-O
Nh6 9. Bxc6+ bxc6 10. Nbd2 O-O 11. h3 Bxf3 12. Nxf3 Qb6 13. Bf4 f6 14. Qd2 Nf5
15. Rfe1 fxe5 16. Bxe5 Bh6 17. Qd3 Rae8 18. Qa3 a5 19. Re2 Qb4 20. Qd3 Nd6 21.
Bxd6 exd6 22. Rae1 Qb8 23. Rxe8 Rxe8 24. Rxe8+ Qxe8 25. Qa6 Qe4 26. Qxa5 Qb1+
27. Qe1 Qxa2 28. Qe6+ Kg7 29. g3 Qxb2 30. Qd7+ Kg8 31. Qe6+ Kg7 32. Qxd6 Qc1+
33. Kg2 Qc2 34. h4 Bc1 35. Qe7+ Kg8 36. Qf6 Bh6 37. h5 Bc1 38. Ne5 Qe4+ 39. Kg1
Qf5 40. Qxc6 1-0

[Event "BL 0910 Werder Bremen - H.Handschuhshei"]
[Site "?"]
[Date "2010.02.28"]
[Round "11.1"]
[White "Ikonnikov, Viacheslav"]
[Black "Gashimov, Vugar"]
[Result "0-1"]
[WhiteElo "2558"]
[BlackElo "2740"]
[PlyCount "102"]
[EventDate "2010.??.??"]

1. d4 Nf6 2. Nf3 e6 3. c4 c5 4. d5 d6 5. Nc3 exd5 6. cxd5 a6 7. a4 g6 8. h3 Qe7
9. g3 Bg7 10. Bg2 O-O 11. Nd2 Nbd7 12. Nc4 Ne5 13. Nxe5 Qxe5 14. Bf4 Qe7 15.
Qd2 Rb8 16. Bg5 Re8 17. O-O Qf8 18. a5 b5 19. axb6 Rxb6 20. Qc2 Nd7 21. Ra4 Ne5
22. Rfa1 Bf5 23. Qc1 Reb8 24. Nd1 Bd7 25. Rxa6 Rxa6 26. Rxa6 h6 27. Bf4 Bb5 28.
Ra7 Bxe2 29. Bxe5 Bxe5 30. Nc3 Bc4 31. Bf1 Bxf1 32. Kxf1 Rb4 33. Kg2 Kg7 34.
Qd2 Qb8 35. Ra2 Qb7 36. Kh2 h5 37. f4 Bd4 38. h4 Rb3 39. f5 Be5 40. fxg6 fxg6
41. Qc1 Qf7 42. Qe3 Rb4 43. Kg2 Rg4 44. Ra4 Rxg3+ 45. Qxg3 Bxg3 46. Kxg3 Qb7
47. Kf4 Kh6 48. Ne4 Qf7+ 49. Ke3 Qxd5 50. Ra7 Qe5 51. Kf3 Qf5+ 0-1

[Event "BL 0910 Werder Bremen - H.Handschuhshei"]
[Site "?"]
[Date "2010.02.28"]
[Round "11.3"]
[White "Ginsburg, Gennadi"]
[Black "Eljanov, Pavel"]
[Result "0-1"]
[WhiteElo "2537"]
[BlackElo "2717"]
[PlyCount "112"]
[EventDate "2010.??.??"]

1. e4 e5 2. Nf3 Nc6 3. Nc3 Nf6 4. Bb5 Bd6 5. a3 O-O 6. d3 Re8 7. O-O h6 8. h3
Bf8 9. Re1 d6 10. d4 exd4 11. Nxd4 Bd7 12. Bf4 Nxd4 13. Bxd7 Nxd7 14. Qxd4 Ne5
15. Rad1 c6 16. Bxe5 dxe5 17. Qxd8 Raxd8 18. Rxd8 Rxd8 19. Rd1 Rxd1+ 20. Nxd1
b5 21. Kf1 Bc5 22. Ke2 Kf8 23. Kd3 Ke7 24. c4 a6 25. cxb5 axb5 26. Ne3 g6 27.
Ng4 Ke6 28. f3 h5 29. Ne3 Kf6 30. h4 Kg7 31. Nc2 f5 32. b3 Kf6 33. a4 Ke6 34.
a5 f4 35. Ke2 Kd6 36. Ne1 Bb4 37. a6 Kc7 38. Nd3 Bd6 39. b4 Kb6 40. Kd2 Kxa6
41. Kc3 Kb6 42. Kc2 Kc7 43. Kd2 Kd7 44. Ke2 Ke6 45. Kf2 Bc7 46. g3 Bb6+ 47. Kg2
fxg3 48. Kxg3 Be3 49. Kh3 Kd6 50. Kg3 c5 51. bxc5+ Bxc5 52. f4 Bd4 53. Kf3 Ke6
54. fxe5 Bxe5 55. Kf2 Bd6 56. Kf3 Be7 0-1

[Event "BL 0910 Werder Bremen - H.Handschuhshei"]
[Site "?"]
[Date "2010.02.28"]
[Round "11.4"]
[White "Efimenko, Zahar"]
[Black "Gurevic, Vladimir"]
[Result "1/2-1/2"]
[WhiteElo "2654"]
[BlackElo "2470"]
[PlyCount "107"]
[EventDate "2010.??.??"]

1. Nf3 Nf6 2. c4 c5 3. g3 b6 4. Bg2 Bb7 5. O-O e6 6. Nc3 Be7 7. d4 cxd4 8. Qxd4
d6 9. Bg5 a6 10. Rfd1 Nbd7 11. Qd2 O-O 12. Bf4 Ne8 13. Rac1 Qc7 14. e4 Rd8 15.
Qe2 Nef6 16. b3 Ng4 17. h3 Nge5 18. Nd4 Qb8 19. Be3 Rfe8 20. f4 Nc6 21. Nf3 Nc5
22. Bf2 Bf6 23. g4 Nb4 24. Ne1 Qa8 25. g5 Bxc3 26. Rxc3 d5 27. cxd5 exd5 28. e5
Ne4 29. Rcc1 b5 30. a3 Nc6 31. Bb6 Rc8 32. Nd3 Ne7 33. Qg4 Rxc1 34. Rxc1 Bc8
35. Qe2 Nf5 36. Bf2 Be6 37. Rc7 Qb8 38. Qc2 Nxf2 39. Kxf2 Nd4 40. Qc5 Nxb3 41.
Qa7 Qxa7+ 42. Rxa7 a5 43. f5 Bxf5 44. Bxd5 Be6 45. Bxb3 Bxb3 46. Rxa5 h6 47.
gxh6 gxh6 48. Nc5 Bc4 49. Nd7 Kg7 50. Nb6 Bd3 51. Ke3 Bf1 52. Kf2 Bd3 53. Ke3
Bf1 54. Kf2 1/2-1/2